1396 1526 1764 1769 1850 1748 1490 1340 1621 1213 1166 1847 1863 1860 1016 1504 1602 1493 1970 1916 1972 1285 1616 1228 1660 1936 1483 1434 1646 1190 1079 1076 1725 1047 1831 1513 1626 1264 1422 1478 1934 1907 1195 1764 1634 1503 1649 1395 1148 1068 1405 1782 1378 1273 1538 1882 1164 1889 1129 1200 1606 1476 1283 1629 1313 1411 1278 1750 1238 1457 1774 1248 1127 1297 1789 1020 1201 1650 1367 1917 1976 1399 1519 1911 1170 1534 1706 1883 1919 1090 1678 1101 1608 1363 1029 1655 1607 1259 1201 BCNSPRNW ULIB Ver.6.0+V

เปลี่ยนเป็นภาษาไทย

Change to English
 แสดงรายละเอียดบรรณานุกรม
  กลับหน้าหลัก

Brief Record : Get Marc (ISO 2709) : E-mail record : QR code < ปิดหน้าต่าง
LEADER : 00000nam 2200000uu 4500
001    13399113580
003     ULIB
008    110627s2550||||th 000 0 tha d
020    9789747503265
090    นว.^bอ854ซ 2550
100 0  อุรัสยา
245 00 ซ้อนรอยรัก/^cอุรัสยา
250    พิมพ์ครั้งที่ 2
260    กรุงเทพฯ :^bแจ่มใส,^c2550
300    315 หน้า
710 1  แจ่มใส
945    ^p199^l0^i021016
995    ทศพร
999 ^a ใช้งานได้ทุกระบบ
รายการนี้ยังไม่มีแท็ก
คุณยังไม่ได้ล็อกอิน คุณสามารถมีกิจกรรมร่วมกับเว็บไซต์ได้ แต่ต้องล็อกอินก่อน ::
  ล็อกอิน

รายการสื่อสารสนเทศ

ลำดับที่ ประเภท เลขเรียก/บาร์โค้ด สถานที่ สถานะ
1. นวนิยาย
นวนิยาย
นว. อ854ซ 2550 ฉ.1 
  Barcode: 021016
ห้องสมุดวิทยาเขตสวรรค์ประชารักษ์
►นวนิยาย
บนชั้น
  ขอยืม

BibComment


ยังไม่เคยถูกคอมเมนท์

คอมเมนท์ทรัพยากรรายการนี้
  คอมเมนท์: ซ้อนรอยรัก อุรัสยา


 Copyright 2026. Bcnsprnw @Library